Etats Modernes d'Asie Ayant Appartenu à l'URSS - Carte Quiz - Statistiques

Statistiques générales
  • Ce quiz a été pris 147 fois
  • Le résultat moyen est 8 sur 8
Réponses sur la Carte
Les réponses sont colorées sur une échelle allant du rouge au vert en fonction du pourcentage des utilisateurs qui les ont devinées à leur premier essai. Vous pouvez retrouver ces pourcentages ci-dessous.
 
Statistiques - réponses
Réponse % Correct
Kazakhstan
97%
Azerbaidjan
94%
Géorgie
94%
Ouzbékistan
94%
Turkménistan
94%
Arménie
93%
Kirghizistan
91%
Tadjikistan
91%
Aucun quiz correspondant
Distribution des résultats
% des personnes avec chaque résultat
Percentile par nombre de réponses
Votre historique - résultats
Vous n’avez pas pris ce quiz